[Event "17th Tilburg Interpolis it"]
[Site "Tilburg NED"]
[Date "1993.??.??"]
[Round "1.1"]
[White "Adianto, Utut"]
[Black "Vaisser, Anatoli"]
[Result "0-1"]
[WhiteElo "2510"]
[BlackElo "2580"]
[EventDate "1993.11.13"]
[PlyCount "130"]

1. d4 d6 2. e4 g6 3. Nf3 Bg7 4. h3 Nd7 5. Nc3 a6 6. Be3 e6 7. Qd2 h6 8. O-O-O
Ne7 9. h4 b5 10. h5 g5 11. d5 e5 12. Nxg5 hxg5 13. Bxg5 Rh7 14. Ne2 f6 15. Be3
f5 16. h6 f4 17. Bxf4 exf4 18. hxg7 Rxh1 19. Nxf4 Nf6 20. Bxb5+ axb5 21. Rxh1
Neg8 22. Qd3 Qe7 23. Qxb5+ Kf7 24. Re1 Rxa2 25. Kb1 Bd7 26. Qb7 Ra4 27. f3 Qd8
28. Ne6 Qa8 29. Qxa8 Rxa8 30. Nxc7 Ra7 31. Ne6 Bxe6 32. dxe6+ Kxe6 33. f4 Rxg7
34. e5 Nh5 35. f5+ Kxf5 36. exd6 Ngf6 37. c4 Nf4 38. c5 Ne4 39. g4+ Rxg4 40. d7
Ne6 41. c6 Rg8 42. Rd1 Rd8 43. Rd5+ Kf6 44. Kc2 Nc7 45. Rd1 Ke5 46. b4 Nd6 47.
Kb3 Ke6 48. Kc3 Rb8 49. Kb3 Nf7 50. Kc3 Nd8 51. Kc4 Nxc6 52. Kc5 Nd8 53. Kc4
Ke7 54. Rd2 Nde6 55. Rd1 Nb5 56. Ra1 Kxd7 57. Rh1 Nd6+ 58. Kb3 Nd4+ 59. Kc3
N4b5+ 60. Kb3 Kc6 61. Rh5 Rg8 62. Rc5+ Kb6 63. Rc1 Nd4+ 64. Kb2 Rg2+ 65. Kb1
Ne4 0-1

[Event "17th Tilburg Interpolis it"]
[Site "Tilburg NED"]
[Date "1993.??.??"]
[Round "1.2"]
[White "Vaisser, Anatoli"]
[Black "Adianto, Utut"]
[Result "0-1"]
[WhiteElo "2580"]
[BlackElo "2510"]
[EventDate "1993.11.13"]
[PlyCount "72"]

1. d4 d5 2. c4 c6 3. Nc3 Nf6 4. cxd5 cxd5 5. Bf4 Nc6 6. e3 e6 7. Bd3 Bd6 8.
Bxd6 Qxd6 9. f4 Bd7 10. Rc1 h6 11. Nf3 g5 12. O-O gxf4 13. Nb5 Qb8 14. Ne5 a6
15. Rxf4 axb5 16. Rxc6 Bxc6 17. Rxf6 Rf8 18. Qh5 Qd6 19. Nxf7 Qb4 20. Rxe6+ Kd7
21. Qf5 Kc7 22. h3 Rxa2 23. Qh7 Kb6 24. Qg7 Qxb2 25. Ne5 Rf2 26. Rg6 Qc1+ 27.
Kh2 Qxe3 28. Rg4 h5 29. Qg5 Rxg2+ 30. Rxg2 Qxg5 31. Rxa2 Qf4+ 32. Kg2 Qxd4 33.
Re2 b4 34. Bg6 Bb5 35. Nf3 Qf6 36. Ne5 Qg5+ 0-1

[Event "17th Tilburg Interpolis it"]
[Site "Tilburg NED"]
[Date "1993.??.??"]
[Round "1.3"]
[White "Adianto, Utut"]
[Black "Vaisser, Anatoli"]
[Result "0-1"]
[WhiteElo "2510"]
[BlackElo "2580"]
[EventDate "1993.11.13"]
[PlyCount "78"]

1. d4 e6 2. e4 d5 3. Nd2 c5 4. exd5 exd5 5. Ngf3 Nc6 6. dxc5 Bxc5 7. Nb3 Bb6 8.
Be2 Nf6 9. O-O h6 10. c3 O-O 11. Nbd4 Ne4 12. Be3 Re8 13. Re1 Bg4 14. Qa4 Qf6
15. Rad1 Rad8 16. Nc2 Bc7 17. Nb4 d4 18. cxd4 Bxf3 19. Bxf3 Qd6 20. Nxc6 Qxh2+
21. Kf1 bxc6 22. Qxc6 Ng5 23. g3 Ba5 24. Bg2 Bxe1 25. Rxe1 Qh5 26. Qc5 Qg4 27.
Qxa7 Nf3 28. Rc1 Nxd4 29. Qa6 Nf5 30. Qe2 Nxe3+ 31. fxe3 Qxg3 32. Rc3 Re6 33.
e4 Rf6+ 34. Kg1 Qe5 35. a4 Rfd6 36. Rc2 Rd1+ 37. Kf2 Qf4+ 38. Qf3 Qh4+ 39. Ke3
R1d3+ 0-1

[Event "17th Tilburg Interpolis it"]
[Site "Tilburg NED"]
[Date "1993.??.??"]
[Round "1.4"]
[White "Vaisser, Anatoli"]
[Black "Adianto, Utut"]
[Result "1-0"]
[WhiteElo "2580"]
[BlackElo "2510"]
[EventDate "1993.11.13"]
[PlyCount "135"]

1. d4 d5 2. c4 dxc4 3. e3 Nf6 4. Bxc4 a6 5. Nf3 b5 6. Be2 Bb7 7. a4 b4 8. a5 e6
9. Nbd2 c5 10. O-O Nbd7 11. Qa4 Be7 12. dxc5 Bxc5 13. Nb3 Bd6 14. Bd2 Qe7 15.
Nbd4 Rc8 16. Rfc1 O-O 17. Rxc8 Rxc8 18. Rc1 Rxc1+ 19. Bxc1 h6 20. Bd2 Nd5 21.
g3 Nc5 22. Qc2 Qc7 23. e4 Nf6 24. e5 Bxe5 25. Bxb4 Bd6 26. Nd2 Nd5 27. Bxc5
Qxc5 28. Qxc5 Bxc5 29. N4b3 Bb4 30. Ne4 Nc7 31. Nec5 Bc8 32. f4 Kf8 33. Kf2 Ke7
34. Ke3 g5 35. Kd4 gxf4 36. gxf4 f5 37. Ke5 Nd5 38. Bc4 Nc7 39. Kd4 Kf6 40. Nd3
Bd6 41. Nbc5 h5 42. h3 h4 43. b4 Bf8 44. Ne5 Bg7 45. Nc6 Bh6 46. Ke3 Bf8 47.
Na7 Bxc5+ 48. bxc5 Bd7 49. Kd4 Ba4 50. c6 Ke7 51. Kc5 Bd1 52. Nc8+ Kd8 53. Nd6
Bf3 54. Nf7+ Kc8 55. Ng5 Bg2 56. Kd6 Ne8+ 57. Kxe6 Bxc6 58. Bxa6+ Kd8 59. Kxf5
Ke7 60. Bd3 Nd6+ 61. Kg6 Nb7 62. a6 Nc5 63. Bc4 Be8+ 64. Kg7 Bd7 65. a7 Bc6 66.
f5 Nd7 67. Nh7 Kd6 68. Bb5 1-0

[Event "17th Tilburg Interpolis it"]
[Site "Tilburg NED"]
[Date "1993.??.??"]
[Round "1.1"]
[White "Agdestein, Simen"]
[Black "Cifuentes Parada, Roberto"]
[Result "0-1"]
[WhiteElo "2610"]
[BlackElo "2495"]
[EventDate "1993.11.13"]
[PlyCount "98"]

1. c4 e6 2. Nf3 d5 3. g3 Nf6 4. Bg2 c6 5. Qc2 Nbd7 6. O-O Bd6 7. d4 O-O 8. Nbd2
Re8 9. Rd1 Qe7 10. Nf1 b6 11. Bf4 Bxf4 12. gxf4 c5 13. Ne5 Bb7 14. Ng3 Rac8 15.
Qa4 cxd4 16. cxd5 Bxd5 17. Bxd5 Nc5 18. Qxd4 exd5 19. Rac1 g6 20. Nf3 Ne6 21.
Qe5 Ng4 22. Qxd5 Nxf4 23. Qd4 Nh3+ 24. Kg2 Nhxf2 25. Rxc8 Nxd1 26. Rxe8+ Qxe8
27. h3 Nge3+ 28. Kg1 f5 29. Ne5 Qa8 30. Ne4 fxe4 31. Ng4 Nxg4 32. hxg4 Qc8 33.
Qxd1 Qxg4+ 34. Kh2 h5 35. Qd8+ Kh7 36. Qe7+ Kh6 37. Qf8+ Kg5 38. Qe7+ Kf4 39.
Qc7+ Ke3 40. Qxa7 Qxe2+ 41. Kg1 Qf2+ 42. Kh1 Qxb2 43. a4 Qa1+ 44. Kg2 Qa2+ 45.
Kg3 Qf2+ 46. Kh3 Qf5+ 47. Kg2 Qg4+ 48. Kf1 Kf3 49. Qf7+ Qf4 0-1

[Event "17th Tilburg Interpolis it"]
[Site "Tilburg NED"]
[Date "1993.??.??"]
[Round "1.2"]
[White "Cifuentes Parada, Roberto"]
[Black "Agdestein, Simen"]
[Result "0-1"]
[WhiteElo "2495"]
[BlackElo "2610"]
[EventDate "1993.11.13"]
[PlyCount "88"]

1. e4 c5 2. Nc3 Nc6 3. g3 g6 4. Bg2 Bg7 5. f4 d6 6. d3 f5 7. Nf3 Nf6 8. O-O O-O
9. Nd5 Ne8 10. c3 Rb8 11. a4 e6 12. Ne3 b6 13. Re1 Qd7 14. Nc4 Ba6 15. Qb3 Nc7
16. Bd2 Kh8 17. Rad1 Rbe8 18. Bc1 e5 19. Kh1 fxe4 20. dxe4 Qf7 21. Bf1 Rd8 22.
Ncd2 Qxb3 23. Nxb3 Bxf1 24. Rxf1 c4 25. Nbd2 Na5 26. Nh4 exf4 27. gxf4 d5 28.
e5 Ne6 29. f5 gxf5 30. Nxf5 Bxe5 31. Rde1 Nc6 32. Ne7 Rxf1+ 33. Nxf1 Nxe7 34.
Rxe5 Rd6 35. Ne3 Kg8 36. Bd2 Kf7 37. Be1 Nc5 38. Rh5 Kg6 39. Rh3 Nxa4 40. Ng4
Re6 41. Bg3 Nf5 42. Bb8 Nxb2 43. Ne5+ Rxe5 44. Bxe5 Nd3 0-1

[Event "17th Tilburg Interpolis it"]
[Site "Tilburg NED"]
[Date "1993.??.??"]
[Round "1.3"]
[White "Agdestein, Simen"]
[Black "Cifuentes Parada, Roberto"]
[Result "1-0"]
[WhiteElo "2610"]
[BlackElo "2495"]
[EventDate "1993.11.13"]
[PlyCount "93"]

1. f4 e5 2. fxe5 d6 3. exd6 Bxd6 4. Nf3 g5 5. g3 g4 6. Nh4 Ne7 7. Nc3 Ng6 8.
Nxg6 hxg6 9. Ne4 Be5 10. e3 f5 11. Nf2 Qd5 12. e4 fxe4 13. Bg2 Bf5 14. d3 Qa5+
15. Bd2 Qb6 16. dxe4 Be6 17. Qe2 Nc6 18. Be3 Qxb2 19. O-O Nd4 20. Bxd4 Qxd4 21.
Rad1 Qc5 22. Rd5 Qc3 23. Nd3 Bd4+ 24. Kh1 c6 25. Rd6 Qc4 26. Nf4 Qxe2 27. Rxe6+
Kd7 28. Nxe2 Kxe6 29. Nxd4+ Ke5 30. Ne2 Rhd8 31. Nf4 Rd2 32. Nxg6+ Ke6 33. e5
Rxc2 34. Be4 Rxa2 35. Rf6+ Kd7 36. e6+ Kc7 37. e7 Re8 38. Rf8 Rxe7 39. Nxe7 Re2
40. Rf4 a5 41. Rxg4 a4 42. Nxc6 bxc6 43. Bxc6 Kxc6 44. Rxa4 Kd5 45. Rf4 Ke5 46.
Kg1 Ra2 47. Rf2 1-0

[Event "17th Tilburg Interpolis it"]
[Site "Tilburg NED"]
[Date "1993.??.??"]
[Round "1.4"]
[White "Cifuentes Parada, Roberto"]
[Black "Agdestein, Simen"]
[Result "1-0"]
[WhiteElo "2495"]
[BlackElo "2610"]
[EventDate "1993.11.13"]
[PlyCount "243"]

1. d4 e6 2. e4 d5 3. Nc3 Nf6 4. Bg5 Be7 5. e5 Nfd7 6. h4 Bxg5 7. hxg5 Qxg5 8.
Nh3 Qe7 9. Nf4 Nc6 10. Qg4 g6 11. O-O-O Nb6 12. Bb5 h5 13. Qg3 Bd7 14. Nh3 Na5
15. Ng5 Bxb5 16. Nxb5 a6 17. Nc3 O-O-O 18. Qf4 Nac4 19. Rd3 Rdf8 20. Rf3 Nd7
21. a3 f6 22. exf6 Rxf6 23. Qg3 Nd6 24. Re1 Nb6 25. Rxf6 Qxf6 26. Rxe6 Qxd4 27.
Re7 Qf6 28. Re6 Qf5 29. Re5 h4 30. Qh3 Qxh3 31. Nxh3 d4 32. Ne2 Nf5 33. Nef4
Rg8 34. Ng5 Nd7 35. Re6 Nf8 36. Re8+ Kd7 37. Rb8 Ne7 38. Rxb7 Nc6 39. Nd5 Kd6
40. Nf6 Nd8 41. Ra7 Rh8 42. Rxa6+ c6 43. Ra7 Nfe6 44. Nfe4+ Ke5 45. Kd2 Kf4 46.
Ra5 c5 47. Nxe6+ Nxe6 48. Nxc5 Nxc5 49. Rxc5 g5 50. Rd5 g4 51. Rxd4+ Kf5 52.
Ke2 h3 53. gxh3 gxh3 54. Rd1 h2 55. Rh1 Kg4 56. a4 Kh3 57. b4 Kg2 58. Rxh2+
Rxh2 59. a5 Rh5 60. c4 Re5+ 61. Kd3 Kxf2 62. a6 Kf3 63. a7 Re3+ 64. Kd4 Ra3 65.
b5 Rxa7 66. b6 Rd7+ 67. Ke5 Rh7 68. c5 Rh5+ 69. Kd4 Rh4+ 70. Kd5 Rh5+ 71. Kc4
Rh4+ 72. Kb5 Ke4 73. c6 Kd5 74. c7 Rc4 75. b7 Rc5+ 76. Kb4 Rxc7 77. b8=Q Rc4+
78. Kb5 Rc5+ 79. Kb4 Rc4+ 80. Kb3 Rc5 81. Qb6 Rc6 82. Qb7 Kc5 83. Qd7 Rd6 84.
Qe7 Kd5 85. Kc3 Re6 86. Qf7 Ke5 87. Kc4 Rc6+ 88. Kd3 Re6 89. Kc4 Rc6+ 90. Kb5
Rf6 91. Qg7 Ke6 92. Kc6 Rf5 93. Qd7+ Ke5 94. Kc5 Ke4+ 95. Kc4 Ke5 96. Qd5+ Kf4
97. Qg2 Ke5 98. Kd3 Kd6 99. Qg6+ Ke5 100. Ke3 Rf6 101. Qe4+ Kd6 102. Kd4 Re6
103. Qf5 Re7 104. Qf6+ Kd7 105. Kd5 Ke8 106. Kd6 Rd7+ 107. Kc6 Re7 108. Qg6+
Kf8 109. Kd6 Rd7+ 110. Kc6 Re7 111. Qh6+ Kg8 112. Kd6 Rf7 113. Qg5+ Rg7 114.
Qd8+ Kh7 115. Ke6 Rg6+ 116. Kf5 Rg7 117. Qe8 Rg8 118. Qf7+ Kh8 119. Qh5+ Kg7
120. Qg6+ Kf8 121. Qf6+ Ke8 122. Ke6 1-0

[Event "17th Tilburg Interpolis it"]
[Site "Tilburg NED"]
[Date "1993.??.??"]
[Round "1.5"]
[White "Agdestein, Simen"]
[Black "Cifuentes Parada, Roberto"]
[Result "1-0"]
[WhiteElo "2610"]
[BlackElo "2495"]
[EventDate "1993.11.13"]
[PlyCount "79"]

1. Nf3 Nf6 2. g3 g6 3. c4 Bg7 4. Bg2 d6 5. O-O O-O 6. d4 c6 7. Nc3 Qa5 8. e4
Bg4 9. h3 Bxf3 10. Bxf3 Nfd7 11. Be3 Qb4 12. Qd3 e5 13. d5 Nc5 14. Qe2 Nba6 15.
Rab1 Rac8 16. Rfd1 Rfd8 17. Bg4 Rb8 18. Bg5 Re8 19. Bd2 h5 20. Bf3 cxd5 21.
cxd5 Nc7 22. Rdc1 a5 23. b3 Qa3 24. Rc2 Rec8 25. g4 hxg4 26. Bxg4 Rf8 27. Bc1
Qb4 28. a3 Qb6 29. b4 Nxe4 30. Qxe4 f5 31. Qc4 fxg4 32. Be3 Qa6 33. b5 Qa8 34.
Qxc7 gxh3 35. Qxd6 Rf6 36. Qd7 h2+ 37. Kxh2 Rd8 38. Qg4 e4 39. Rbc1 Qb8+ 40.
Kg2 1-0

[Event "17th Tilburg Interpolis it"]
[Site "Tilburg NED"]
[Date "1993.??.??"]
[Round "1.1"]
[White "Alterman, Boris"]
[Black "Pliester, Leon"]
[Result "1-0"]
[WhiteElo "2585"]
[BlackElo "2420"]
[EventDate "1993.11.13"]
[PlyCount "83"]

1. d4 Nf6 2. c4 e6 3. Nc3 Bb4 4. Qc2 O-O 5. a3 Bxc3+ 6. Qxc3 b6 7. Bg5 Bb7 8.
e3 d6 9. f3 Nbd7 10. Nh3 h6 11. Bh4 e5 12. Be2 Re8 13. O-O Qe7 14. Bf2 e4 15.
f4 d5 16. Bh4 c5 17. Nf2 Rac8 18. Rfd1 dxc4 19. Bg4 g5 20. fxg5 Nd5 21. Qe1
hxg5 22. Bxd7 Qxd7 23. Bxg5 Qf5 24. Nh3 Qg4 25. Rac1 Rc6 26. Bf4 Rg6 27. Bg3
cxd4 28. Rxd4 b5 29. Rcd1 Nf6 30. Nf4 Rg7 31. Rd8 Kh7 32. Rxe8 Nxe8 33. Qe2 Nf6
34. Rd6 Qg5 35. Qd2 Ng4 36. Rd7 Bc6 37. Rc7 Ne5 38. Qd6 Be8 39. Re7 Nd3 40.
Rxe8 Qg4 41. Nxd3 Qd1+ 42. Ne1 1-0

[Event "17th Tilburg Interpolis it"]
[Site "Tilburg NED"]
[Date "1993.??.??"]
[Round "1.1"]
[White "Andersson, Ulf"]
[Black "Winants, Luc"]
[Result "1/2-1/2"]
[WhiteElo "2625"]
[BlackElo "2490"]
[EventDate "1993.11.13"]
[PlyCount "83"]

1. d4 Nf6 2. Nf3 d5 3. c4 e6 4. Nc3 Bb4 5. cxd5 exd5 6. Bg5 Nbd7 7. e3 c5 8.
Bd3 Qa5 9. Qc2 c4 10. Bf5 O-O 11. Nd2 Re8 12. a3 g6 13. Bh3 Ne4 14. Ndxe4 dxe4
15. Bxd7 Bxd7 16. Bf4 Bc6 17. Rb1 Bf8 18. O-O Rac8 19. Rbd1 Bd5 20. Be5 Bg7 21.
Bxg7 Kxg7 22. f3 f5 23. Qd2 Qd8 24. fxe4 Bxe4 25. Nxe4 Rxe4 26. Rf4 Rxf4 27.
exf4 Qd5 28. Re1 Rd8 29. Re7+ Kh6 30. h3 Qxd4+ 31. Qxd4 Rxd4 32. Rxb7 Rd2 33.
Kh2 a5 34. Rc7 Rxb2 35. Rxc4 Rb3 36. Ra4 Rb5 37. g4 fxg4 38. hxg4 Kg7 39. Kg3
Kf6 40. Kh4 h6 41. Rc4 Rb3 42. Rc6+ 1/2-1/2

[Event "17th Tilburg Interpolis it"]
[Site "Tilburg NED"]
[Date "1993.??.??"]
[Round "1.2"]
[White "Winants, Luc"]
[Black "Andersson, Ulf"]
[Result "1/2-1/2"]
[WhiteElo "2490"]
[BlackElo "2625"]
[EventDate "1993.11.13"]
[PlyCount "90"]

1. e4 c5 2. Nf3 Nc6 3. d4 cxd4 4. Nxd4 Nf6 5. Nc3 e5 6. Ndb5 h6 7. Nd5 Nxd5 8.
exd5 a6 9. Na3 Bxa3 10. bxa3 Ne7 11. d6 Nc6 12. Bc4 b5 13. Bd5 Bb7 14. O-O O-O
15. Qg4 Na5 16. Bxh6 Qf6 17. Bd2 Bxd5 18. Bxa5 Qe6 19. Qxe6 fxe6 20. Rfe1 Rac8
21. Bc7 e4 22. a4 bxa4 23. Reb1 Rf5 24. Rb4 Rcf8 25. Bb6 Bc6 26. c4 Kf7 27. Be3
e5 28. Rb6 Ke6 29. Rd1 Ra8 30. a3 Rff8 31. c5 Bb5 32. h3 Rac8 33. Rb7 Rb8 34.
Rxb8 Rxb8 35. Rb1 Kd5 36. g4 Rf8 37. Kg2 Ke6 38. Rb2 Rf3 39. h4 g6 40. Rb1 Rf8
41. Rb2 Rf7 42. Rd2 Rf8 43. Rb2 Kd5 44. Kg3 Rf3+ 45. Kg2 Rf8 1/2-1/2

[Event "17th Tilburg Interpolis it"]
[Site "Tilburg NED"]
[Date "1993.??.??"]
[Round "1.4"]
[White "Winants, Luc"]
[Black "Andersson, Ulf"]
[Result "1/2-1/2"]
[WhiteElo "2490"]
[BlackElo "2625"]
[EventDate "1993.11.13"]
[PlyCount "119"]

1. e4 e6 2. d4 d5 3. Nc3 Nf6 4. exd5 exd5 5. Bg5 Be7 6. Bd3 O-O 7. Nge2 Re8 8.
O-O Nbd7 9. Ng3 Nf8 10. Nf5 Bxf5 11. Bxf5 g6 12. Bd3 Ne6 13. Be3 c6 14. Qf3 Nh5
15. Qg4 Bd6 16. Ne2 Qc7 17. g3 Re7 18. c4 dxc4 19. Bxc4 Qd7 20. Qf3 Nc7 21. Nc3
Qf5 22. Qxf5 gxf5 23. Bg5 Ree8 24. d5 b5 25. Be2 b4 26. Bxh5 bxc3 27. bxc3 Nxd5
28. c4 Nc3 29. Bf3 Ne4 30. Be3 Be5 31. Rab1 Rad8 32. Rb7 Bd4 33. Bxd4 Rxd4 34.
Rxa7 Rxc4 35. Rd1 Re6 36. Bh5 Rf6 37. Rdd7 Rc1+ 38. Kg2 Nd6 39. a4 Kg7 40. a5
Ra1 41. a6 f4 42. Bf3 fxg3 43. hxg3 Ra2 44. g4 Nc4 45. Re7 Nd6 46. Ra8 Nb5 47.
Ree8 Rd6 48. g5 Kg6 49. Rg8+ Kf5 50. Raf8 Rg6 51. Rxg6 Kxg6 52. Rg8+ Kf5 53.
Bxc6 Nc7 54. Kg3 Rxa6 55. Bg2 Rg6 56. Rxg6 hxg6 57. f4 Ne6 58. Bd5 Nxf4 59.
Bxf7 Kxg5 60. Bxg6 1/2-1/2

[Event "17th Tilburg Interpolis it"]
[Site "Tilburg NED"]
[Date "1993.??.??"]
[Round "1.2"]
[White "Tukmakov, Volodymyr"]
[Black "Atalik, Suat"]
[Result "1/2-1/2"]
[WhiteElo "2600"]
[BlackElo "2535"]
[EventDate "1993.11.13"]
[PlyCount "109"]

1. d4 Nf6 2. c4 g6 3. Nc3 Bg7 4. e4 d6 5. Be2 O-O 6. Nf3 e5 7. O-O Nc6 8. d5
Ne7 9. Ne1 Nd7 10. Be3 f5 11. f3 Rf7 12. b4 f4 13. Bf2 g5 14. c5 Nf6 15. Rc1
Ng6 16. a4 Bf8 17. cxd6 Bxd6 18. Nd3 h5 19. Nc5 Rg7 20. Ne6 Bxe6 21. dxe6 Qe7
22. Nd5 Nxd5 23. exd5 Bxb4 24. Qb3 a5 25. Be1 Bc5+ 26. Bf2 Bb4 27. Rc4 b6 28.
Rfc1 Bd6 29. Qc2 Rf8 30. Rc6 Nh4 31. Bxh4 gxh4 32. h3 Rd8 33. Qe4 Qg5 34. Bf1
Kh8 35. R1c2 Rdg8 36. Kh1 Qe7 37. Bd3 Rg5 38. Qe1 Rg3 39. Qf1 Kg7 40. Kh2 Kh6
41. Kh1 R8g7 42. Qf2 Qg5 43. Rxd6 cxd6 44. Rc8 Rg8 45. Rc7 Rg7 46. Rc8 Rg8 47.
Rc7 Rg7 48. Rxg7 Qxg7 49. Qxb6 e4 50. Bxe4 Qa1+ 51. Bb1 Qc3 52. Qxd6 Qe1+ 53.
Kh2 Rxh3+ 54. gxh3 Qf2+ 55. Kh1 1/2-1/2

[Event "17th Tilburg Interpolis it"]
[Site "Tilburg NED"]
[Date "1993.??.??"]
[Round "1.1"]
[White "Beliavsky, Alexander"]
[Black "Boersma, Paulus"]
[Result "1-0"]
[WhiteElo "2635"]
[BlackElo "2365"]
[EventDate "1993.11.13"]
[PlyCount "145"]

1. e4 c6 2. d4 d5 3. Nc3 dxe4 4. Nxe4 Nf6 5. Nxf6+ exf6 6. c3 Bd6 7. Bd3 O-O 8.
Qc2 Re8+ 9. Ne2 g6 10. h4 Nd7 11. h5 Nf8 12. hxg6 fxg6 13. Bh6 Be6 14. O-O-O b5
15. Nf4 Bxf4+ 16. Bxf4 Qd7 17. Rh6 Re7 18. f3 Rae8 19. Kb1 a5 20. Rhh1 Qd5 21.
b3 a4 22. bxa4 Ra8 23. Be4 Qd7 24. d5 cxd5 25. Rd4 Qb7 26. Bd3 bxa4+ 27. Ka1
Qc6 28. Rb1 Rc8 29. Bd2 Bd7 30. Bb5 Qc5 31. Qxa4 Bf5 32. Rd1 Bc2 33. Qxc2 Qxd4
34. Ba4 Qe5 35. Bb3 Kg7 36. Qd3 d4 37. cxd4 Qe2 38. Bc3 Qxd3 39. Rxd3 Re2 40.
g4 Nd7 41. f4 Rce8 42. Bd2 Rg2 43. g5 Ree2 44. Bc1 fxg5 45. fxg5 Re1 46. Rc3
Kf8 47. a4 Rxg5 48. Ka2 Rg2+ 49. Ka3 h5 50. a5 h4 51. Ka4 Rg4 52. Kb5 Rxd4 53.
Rc8+ Ke7 54. Bg5+ Kd6 55. Rc6+ Ke5 56. Re6+ Kf5 57. Rxe1 Kxg5 58. a6 Rd3 59.
Rb1 Nf6 60. a7 Ne8 61. a8=Q Rxb3+ 62. Kc5 Rxb1 63. Qxe8 Rf1 64. Qe7+ Kh6 65.
Qxh4+ Kg7 66. Kd6 Rf6+ 67. Ke7 Rf7+ 68. Ke6 Rf5 69. Qe7+ Kg8 70. Qc7 Kh8 71.
Qh2+ Kg7 72. Qh4 Kg8 73. Qh6 1-0

[Event "17th Tilburg Interpolis it"]
[Site "Tilburg NED"]
[Date "1993.??.??"]
[Round "1.2"]
[White "Boersma, Paulus"]
[Black "Beliavsky, Alexander"]
[Result "1/2-1/2"]
[WhiteElo "2365"]
[BlackElo "2635"]
[EventDate "1993.11.13"]
[PlyCount "104"]

1. c4 e6 2. g3 d5 3. Bg2 Nf6 4. Nf3 Be7 5. O-O O-O 6. b3 a5 7. Nc3 Bd7 8. d4 a4
9. cxd5 Nxd5 10. Nxa4 Bxa4 11. bxa4 Nc6 12. Qb3 Ra6 13. Rd1 Rb6 14. Qc2 Ncb4
15. Qd2 Qa8 16. e4 Nf6 17. Qe2 Qxa4 18. Bf4 Rc6 19. Rd2 Rc3 20. Ne5 c6 21. Rb1
Rd8 22. h4 b5 23. Rbb2 h6 24. Kh2 Qa7 25. Be3 Qa3 26. Bf3 Nd7 27. Nxd7 Rxd7 28.
Bg2 Bf6 29. Qg4 Kf8 30. Qd1 Rd8 31. Rb3 Rxb3 32. axb3 Be7 33. d5 cxd5 34. exd5
Nxd5 35. Bxd5 exd5 36. Rxd5 Qa8 37. Rxd8+ Qxd8 38. Qc2 Kg8 39. Qc6 b4 40. Bb6
Qb8 41. Kg2 Bf8 42. Bc5 Bxc5 43. Qxc5 Qa8+ 44. Kh2 Qf3 45. Qxb4 Qxf2+ 46. Kh3
Qf3 47. Kh2 Kh7 48. Qc4 g5 49. hxg5 hxg5 50. g4 Qf2+ 51. Kh3 Qf3+ 52. Kh2 Qf2+
1/2-1/2

[Event "17th Tilburg Interpolis it"]
[Site "Tilburg NED"]
[Date "1993.??.??"]
[Round "1.1"]
[White "Bologan, Viorel"]
[Black "Krasenkow, Michal"]
[Result "1/2-1/2"]
[WhiteElo "2510"]
[BlackElo "2595"]
[EventDate "1993.11.13"]
[PlyCount "69"]

1. e4 g6 2. d4 Bg7 3. Nc3 d6 4. f4 e6 5. Nf3 Ne7 6. Bd3 Nbc6 7. Be3 O-O 8. O-O
e5 9. dxe5 dxe5 10. Qe1 Bg4 11. Kh1 exf4 12. Bxf4 Bxf3 13. gxf3 Ne5 14. Be2 c6
15. Qg3 Qd6 16. Be3 Rfd8 17. a3 f5 18. f4 Nf7 19. Bc4 Bxc3 20. bxc3 fxe4 21.
Qh3 Qf6 22. Bd4 Qf5 23. Qh4 Nd5 24. Be2 h5 25. Rg1 Kf8 26. Raf1 Ke8 27. Rf2 e3
28. Rff1 Qxc2 29. f5 g5 30. Qxh5 Qe4+ 31. Bf3 Qxf5 32. Bg2 Qe6 33. Bh3 Qe4+ 34.
Bg2 Qe6 35. Bh3 1/2-1/2

[Event "17th Tilburg Interpolis it"]
[Site "Tilburg NED"]
[Date "1993.??.??"]
[Round "1.2"]
[White "Krasenkow, Michal"]
[Black "Bologan, Viorel"]
[Result "0-1"]
[WhiteElo "2595"]
[BlackElo "2510"]
[EventDate "1993.11.13"]
[PlyCount "130"]

1. e4 c5 2. Nc3 Nc6 3. g3 g6 4. Bg2 Bg7 5. d3 e6 6. Be3 d6 7. f4 Nge7 8. Nf3
O-O 9. O-O Rb8 10. e5 b6 11. exd6 Qxd6 12. Qd2 Bb7 13. Rae1 Nd4 14. Ne5 Nef5
15. Ne4 Qc7 16. Bf2 Nd6 17. Bxd4 cxd4 18. g4 Bxe4 19. Bxe4 f6 20. Nc4 Nxe4 21.
Rxe4 b5 22. Na5 e5 23. f5 Rbc8 24. Rf2 Qf7 25. Nb3 Rc7 26. a3 Rfc8 27. Na1 Qa2
28. Qc1 Qf7 29. h4 Rc6 30. Kh2 Kh8 31. Qd2 Qa2 32. Qc1 a5 33. fxg6 hxg6 34. h5
Qf7 35. hxg6 Qxg6 36. Rf5 Bh6 37. Qd1 Bg5 38. Re1 Kg7 39. Kg3 a4 40. Rh1 Bf4+
41. Kf3 Bg5 42. Qe1 Rh8 43. Rxh8 Kxh8 44. Qa5 Rc8 45. Qa6 Rg8 46. Qe6 Qe8 47.
Qxe8 Rxe8 48. Ke4 Kg7 49. Rf1 Kg6 50. Kd5 Rc8 51. Kd6 Be3 52. Kd7 Rb8 53. Kc7
Rf8 54. Kc6 Kg5 55. Kxb5 Kxg4 56. c4 f5 57. c5 f4 58. c6 f3 59. c7 f2 60. Nc2
Kf3 61. Nb4 Ke2 62. Rh1 f1=Q 63. Rxf1 Kxf1 64. Ka6 e4 65. dxe4 Bf4 0-1

[Event "17th Tilburg Interpolis it"]
[Site "Tilburg NED"]
[Date "1993.??.??"]
[Round "1.1"]
[White "Bosboom, Manuel"]
[Black "Romanishin, Oleg"]
[Result "0-1"]
[WhiteElo "2440"]
[BlackElo "2615"]
[EventDate "1993.11.13"]
[PlyCount "84"]

1. e4 e5 2. Nf3 Nc6 3. Bc4 Nf6 4. d3 Be7 5. O-O O-O 6. Re1 d6 7. a4 h6 8. c3
Nh7 9. Be3 Kh8 10. a5 f5 11. exf5 Bxf5 12. a6 b6 13. Bd5 Qe8 14. d4 Rd8 15.
Nbd2 Nb8 16. dxe5 dxe5 17. Bb7 Qb5 18. Qc1 Bf6 19. Ne4 Nd7 20. h3 Qc4 21. Qc2
Be7 22. Qa4 Qxa4 23. Rxa4 Nhf6 24. Nxf6 Rxf6 25. Raa1 Bh7 26. Rad1 Rd6 27. Rc1
Bf6 28. b4 Rd3 29. c4 e4 30. Nd2 Bc3 31. Re2 Nf6 32. c5 Bxd2 33. Rxd2 Rxd2 34.
Bxd2 Rxd2 35. cxb6 cxb6 36. Rc8+ Bg8 37. Ra8 Rb2 38. Rxa7 Rxb4 39. Ra8 Ra4 40.
a7 Ra1+ 41. Kh2 b5 42. Bc6 b4 0-1

[Event "17th Tilburg Interpolis it"]
[Site "Tilburg NED"]
[Date "1993.??.??"]
[Round "1.1"]
[White "Bronstein, David"]
[Black "Vaganian, Rafael"]
[Result "1/2-1/2"]
[WhiteElo "2395"]
[BlackElo "2615"]
[EventDate "1993.11.13"]
[PlyCount "90"]

1. e4 e6 2. d4 d5 3. Nc3 Bb4 4. Nge2 dxe4 5. a3 Bxc3+ 6. Nxc3 Nc6 7. d5 exd5 8.
Qxd5 Be6 9. Qxd8+ Rxd8 10. Bf4 Nf6 11. Bxc7 Rd7 12. Bf4 O-O 13. Bb5 Rc8 14. Bg5
Ne8 15. Rd1 Rxd1+ 16. Kxd1 Nd6 17. Bxc6 Rxc6 18. Kc1 f5 19. Rd1 Kf7 20. Ne2 Nc4
21. Bf4 Rc8 22. a4 h6 23. h4 Kf6 24. h5 Ne5 25. Be3 Bc4 26. Nc3 Nc6 27. Rd7 b6
28. Nb5 Rd8 29. Rxd8 Nxd8 30. Nxa7 Ne6 31. g3 f4 32. gxf4 g6 33. Kd2 gxh5 34.
f3 exf3 35. Bxb6 h4 36. Bg1 h3 37. Ke3 Bd5 38. b3 Kf5 39. c4 Bb7 40. b4 Nxf4
41. b5 Ng2+ 42. Kf2 Nf4 43. Nc6 Nd3+ 44. Kxf3 Ne5+ 45. Kg3 Nxc6 1/2-1/2

[Event "17th Tilburg Interpolis it"]
[Site "Tilburg NED"]
[Date "1993.??.??"]
[Round "1.1"]
[White "Csernyin, Alexander"]
[Black "Ree, Hans"]
[Result "1/2-1/2"]
[WhiteElo "2615"]
[BlackElo "2445"]
[EventDate "1993.11.13"]
[PlyCount "81"]

1. c4 e5 2. Nc3 d6 3. g3 g6 4. Bg2 Bg7 5. d3 Ne7 6. e4 O-O 7. Nge2 c6 8. Bg5 a6
9. a4 a5 10. d4 f6 11. Be3 Na6 12. O-O Be6 13. b3 Qd7 14. Qd2 Bh3 15. Rad1 Bxg2
16. Kxg2 Qc7 17. dxe5 dxe5 18. Qd7 Rf7 19. Qe6 Qc8 20. Qxc8+ Rxc8 21. Bb6 Ra8
22. Bxa5 Nc5 23. b4 Nc8 24. Bd8 Nxa4 25. Ra1 Nd6 26. Bxf6 Bxf6 27. c5 Nc4 28.
Nxa4 Nd2 29. Nac3 Raf8 30. Rfd1 Nc4 31. Ra2 Bg5 32. Nc1 Rxf2+ 33. Rxf2 Ne3+ 34.
Kg1 Nxd1 35. Rxf8+ Kxf8 36. Nxd1 Bxc1 37. Nf2 Ke7 38. Nd3 Be3+ 39. Kg2 Ke6 40.
Kf3 Bd2 41. h3 1/2-1/2

[Event "17th Tilburg Interpolis it"]
[Site "Tilburg NED"]
[Date "1993.??.??"]
[Round "1.2"]
[White "Ree, Hans"]
[Black "Csernyin, Alexander"]
[Result "0-1"]
[WhiteElo "2445"]
[BlackElo "2615"]
[EventDate "1993.11.13"]
[PlyCount "68"]

1. Nf3 d5 2. d4 c6 3. e3 Bg4 4. c4 e6 5. Qb3 Qb6 6. Ne5 Bf5 7. g4 Bxb1 8. Rxb1
Bb4+ 9. Bd2 Bxd2+ 10. Kxd2 Nf6 11. Bd3 Nbd7 12. f4 dxc4 13. Qxc4 Rd8 14. g5 Nd5
15. a3 Nxe5 16. fxe5 h6 17. gxh6 Rxh6 18. h4 Ke7 19. b4 Rdh8 20. Qc5+ Ke8 21.
Rbg1 Rxh4 22. Rxh4 Rxh4 23. Rxg7 Rh2+ 24. Be2 Qxc5 25. bxc5 Kf8 26. Rg3 b6 27.
cxb6 axb6 28. Rf3 c5 29. Kd3 c4+ 30. Kd2 c3+ 31. Kd3 c2 32. Rf1 Rh3 33. Bg4
Rxe3+ 34. Kxc2 Rg3 0-1